000
00201nam a2200085Ia 4500
008
250605s9999 xx 000 0 und d
041
_a
eng
100
_a
Varun Vikram Pandey
245
_a
Kotak Mahindra Bank
999
_c
46432
_d
46432